| 000 | 00575nam a2200181Ia 4500 | ||
|---|---|---|---|
| 008 | 090124s9999 xx 000 0 und d | ||
| 082 | _b34164 | ||
| 100 | _aवाडकर अलका | ||
| 245 | _a टी. व्ही. आणि मुले | ||
| 250 | _a1 | ||
| 260 |
_bउन्मेष प्रकाशन _c1996 |
||
| 300 | _a88 | ||
| 600 | _aवाडकर अलका | ||
| 630 | _a टी. व्ही. आणि मुले | ||
| 700 | _aवाडकर अलका | ||
| 730 | _a टी. व्ही. आणि मुले | ||
| 942 | _cBOOK | ||
| 999 |
_c100060 _d100060 |
||